Movies Quiz

Random Movies or Disney Quiz

Toy Story Poster Quiz Stats

 Plays Quiz not verified by Sporcle

Score 0/9 Timer 02:00
6 Plays Today
% Correct
Buzz Lightyear
99.2%
Woody
98.1%
Mr. Potato Head
92.6%
Rex
91.7%
Slinky Dog
89.2%
Bo Peep
86.7%
Troll
78.2%
Hamm
76.7%
Sarge
64.8%

You're not logged in!

Compare scores with friends on all Sporcle quizzes.
OR
Log In

Show Comments

Extras

Top Quizzes Today


Score Distribution

Your Account Isn't Verified!

In order to create a playlist on Sporcle, you need to verify the email address you used during registration. Go to your Sporcle Settings to finish the process.

Report this User

Report this user for behavior that violates our Community Guidelines.

Details: